| 000 | 01172nam a2200313 4500 | ||
|---|---|---|---|
| 001 | 0000016524 | ||
| 003 | CO-CtgCURN | ||
| 005 | 20250329191013.0 | ||
| 007 | ta | ||
| 008 | 160627s1995 000 0 eng d | ||
| 020 | _a9701007468 | ||
| 040 |
_aCO-CtgCURN _bspa _ccoctgcurn |
||
| 082 | 0 |
_a658.404 _bB12e |
|
| 100 | 1 | _aBaca Urbina, Gabriel. | |
| 245 | 1 | 0 |
_aEvaluacion de proyectos / _cGabriel Baca Urbina , revision tecnica Filiberto González Hernández. |
| 250 | _a3a ed. | ||
| 260 |
_aMexico : _bMcGraw-Hill, _c1995. |
||
| 300 | _axvi, 339 p. | ||
| 336 | _2rdacontent | ||
| 337 |
_2rdamedia _asin mediacion _bn |
||
| 338 |
_2rdacarrier _avolumen _bnc |
||
| 505 | 8 | _aElementos conceptuales y preparacion de la evaluacion.--Estudio del mercado.--Estudio tecnico.--Estudio economico.--Evaluacion economica.--Evaluacion de proyecto en centros de computo | |
| 650 | 1 | 4 | _aAnálisis de mercadeo. |
| 700 | 1 |
_aGonzález Hernández, Filiberto, _eRevision. |
|
| 908 | _a160627 | ||
| 942 |
_cBK _h658.404 _iB12e _2ddc |
||
| 999 |
_c10825 _d10825 |
||